Statistiques concernant Focus sur: Isengar Touque - Tolkien

Cliquez ici pour prendre le quiz!

Statistiques générales

  • Ce quiz a été pris 3 fois
  • Le résultat moyen est 5 sur 20

Statistiques - réponses

Informations recherchéesRéponses% Correct
ContréeComté
100%
Première mentionLe Seigneur des Anneaux: La Communauté de l'Anneau
100%
Age durant lequel il vécutTroisième
100%
EspèceHobbit
67%
VilleBourg-de-Touque
33%
ProfessionNavigateur
33%
Autre traduction du nomTouc
33%
MèreAdamanta Fouineur
0%
Belladonna Touque
0%
Donnamira Touque
0%
PèreGerontius Touque
0%
Hildibrand Touque
0%
Hildifons Touque
0%
Hildigard Touque
0%
Hildigrim Touque
0%
Isambard Touque
0%
Isembold Touque
0%
FrèresIsengrim Touque
0%
Isumbras Touque
0%
SœursMirabella Touque
0%

Distribution des résultats

Percentile par nombre de réponses

% des personnes avec chaque résultat

Votre développement - résultats

Vous n’avez pas pris ce quiz